Ochrana proti polomům

Bibliographic Details
Main Author: Vicena, Ivo (Author)
Format: Book
Language:Czech
PhysicalDescription:178 s. tab. 20 cm
Published: Praha Státní zemědělské nakladatelství 1964
Series:Lesnické aktuality
Subjects:

MARC

LEADER 00000cam a2200000 a 4500
001 vtls001410311
003 SK-MaSNL
005 20260301120325.0
008 251029s1964 xr 00000 cze
035 |a SNK000365004 
040 |a SNK  |b slo  |c SNK  |e AACR2 
041 0 |a cze 
044 |a xr  |c CZ 
080 |a 630.41  |2 2001 
080 |a (035)  |2 2001 
100 1 |a Vicena, Ivo  |4 aut  |9 462675 
245 1 0 |a Ochrana proti polomům  |c Ivo Vicena 
260 |a Praha  |b Státní zemědělské nakladatelství  |c 1964 
300 |a 178 s.  |b tab.  |c 20 cm 
490 1 |a Lesnické aktuality  |v sv. 17 
500 |a Brožovaná 
504 |a Bibliografia: s. 177-176 
650 0 7 |a ochrana lesa  |2 SNKPH  |9 2455 
650 0 7 |a polomy  |2 SNKPH  |9 462676 
655 7 |a príručky  |2 SNKPH  |9 74364 
830 0 |a Lesnické aktuality  |9 310324 
852 |a Štátna vedecká knižnica v Banskej Bystrici 
958 |a OND 
999 |c 725501  |d 727431 
952 |a SNK  |b SNK  |y NEVYP  |7 0  |p 17A0294818  |o snkID 37537 D1  |0 0  |1 1  |4 0  |d 2001-03-27  |l 0  |r 2005-01-02 00:00:00  |w 2026-02-23